000 00653nam a2200229Ia 4500
003 OSt
005 20220926041059.0
006 a|||||r|||| 00| 0
007 ta
008 220923b |||||||| |||| 00| 0 eng d
037 _cGeneral Book
040 _aRTL
_cRTL
_beng
041 _2eng
_aeng
082 _aX:9581.73.N6, K7
100 _aMurray Roger F
_9344511
245 0 _aEconomic aspects of pensions
_b A summary report
260 _c1967
490 _aNational Bureau of Economic Research, general series. 85
650 _aPension
942 _hX:9581.73.N6, K7
_cGB
_2CC
999 _c666333
_d666333